No Shelf Required : E-Books in Libraries /

Guardado en:
Detalles Bibliográficos
Autor principal: Polanka, Sue (autor)
Formato: Libro
Idioma:Español
Publicado: Chicago, EUA : American Library Association, 2011, c2011
Temas:
Etiquetas: Agrega una etiqueta
Sin etiquetas, Sé el primero en etiquetar este registro!

MARC

LEADER 00000nam^a2200000^a^4500
001 000318127
005 20250521000000.0
009 20260310113404.988
020 |a 978-0-8389-1054-2 
037 |a Acervo ITESO - Biblioteca 
041 |a ESP 
082 |a 025. 174  |b POL V. 1 
100 |a Polanka, Sue  |e (autor) 
240 1 1 |a [No Shelf Required] 
245 1 0 |a No Shelf Required :  |b E-Books in Libraries /  |c Ed. de S. Polanka. 
264 4 |a Chicago, EUA :  |b American Library Association,  |c 2011, c2011 
300 |a XIII, 182 p. 
336 |a texto  |b txt  |2 rdacontenido 
337 |a sin mediación  |b n  |2 rdamedio 
338 |a volumen  |b nc  |2 rdasoporte 
649 |a XX 
650 |a Libros Electrónicos -  |x Tema Principal 
650 |a Bibliotecas -  |x Colecciones Especiales 
650 |a Bibliotecas Digitales -  |x Tema Principal 
650 |a Biblioteconomía 
650 |a Bibliología 
910 |a Fondo General 
920 |a Impresos - Libros 
930 |a Obras de Referencia 
940 |a Biblioteconomía 
905 |a 102 
901 |a 0500205179  |b IT2  |c REF  |i C131047  |u 20250521 
902 |a https://opac.biblio.iteso.mx/vufind/Record/000318127